000 00288nam a22001337a 4500
008 171201b xxu||||| |||| 00| 0 eng d
020 _a2900205778768
041 _aeng
080 _a32
100 _a20
101 _aPOL
245 _aINTERNATIONAL POLITICS
_cART,R.J
942 _2udc
_cBK
999 _c38653
_d38653